000 00510nam a2200193 a 4500
001 1770288092282
003 YourLibrary
005 20260205161445.0
008 260205s2005##################000#0#eng##
020 _a9780521839013
082 0 4 _a305.82
_bCHA
100 1 _aChandler, James,
_eauthor.
245 1 0 _aRomantic Metropolis :
260 _bCambridge University Press,
_c2005.
300 _a324 pages
650 0 _aLiterary Criticism.
942 _cENGLISH
040 _aYourLibrary
_beng
_cYourLibrary
999 _c610585
_d610585